000 00758nam a2200241Ia 4500
003 OSt
005 20220923224949.0
006 a|||||r|||| 00| 0
007 ta
008 220922b |||||||| |||| 00| 0 mar d
024 _a254,346
037 _cTextual
040 _aARTS
_cARTS
_bmar
041 _2mar
_amar
082 _aO156,1:gL9, K6
100 _aवैद्य, भारती मधुकान्त
245 0 _aमध्यकालीन रास सााहित्य
246 _aMadhyakālīn rās sāāhitya
260 _c1966
650 _aमराठी साहित्य
942 _hO156,1:gL9, K6
_cTEXL
_2CC
999 _c375022
_d375022